| 000 | 00403nam a2200145Ia 4500 | ||
|---|---|---|---|
| 008 | 220928s9999 xx 000 0 und d | ||
| 020 | _a9788131792155 | ||
| 082 | _bRAJ | ||
| 100 | _aRAJARAM, J. | ||
| 245 | 0 | _aCHEMICAL THERMODYNAMICS CLASSICAL STATISTICAL AND IRREVERSIBLE | |
| 260 |
_bPEARSON INDIA EDUCATION SERVIVE PVT. LTD., NOIDA _c2013 |
||
| 300 | _a676 | ||
| 650 | _aChemistry | ||
| 942 | _cBK | ||
| 999 |
_c207019 _d207019 |
||